000
00232nam a2200097Ia 4500
008
190216s9999||||xx |||||||||||||| ||und||
100
_a
Ummer Kutty A N P
245
0
_a
India Samudram
260
_b
Kerala Bhasha Institute
942
_c
BK
999
_c
19069
_d
19069